| 000 | 00887cab a2200241 4500 | ||
|---|---|---|---|
| 001 | WB3227-57 | ||
| 008 | 090401t1996 xxu||||| |||| 00| 0 eng d | ||
| 035 | _a(Sirsi) u50763 | ||
| 041 | _aeng | ||
| 245 | _aManchester`s silver lining | ||
| 260 | _c1996 | ||
| 350 | _a0 | ||
| 490 |
_aFinancial Times _v8 July 1996, 6 |
||
| 490 |
_aTimes _v10 July 1996, 34(2) |
||
| 520 | _aThe IRA bomb is being treated as an opportunity to redesign the centre of Manchester; in the meantime other measures such as relocation are having to be used to keep retailers in business and to rehouse those who lived in flats above the Arndale Centre, whilst ensuring the urban vitality of the city centre remains. | ||
| 650 | _aARNDALE SHOPPING CENTRE | ||
| 650 | _aBOMB DAMAGE | ||
| 650 | _aMANCHESTER | ||
| 650 | _aREDEVELOPMENT | ||
| 690 | _aURBAN RENEWAL | ||
| 942 | _n0 | ||
| 948 | _c04/03/1997 | ||
| 999 |
_c31684 _d31684 |
||